| 000 | 00714 a2200229 4500 | ||
|---|---|---|---|
| 003 | 0 | ||
| 005 | 20160609163747.0 | ||
| 008 | 100728t xxu||||| |||| 00| 0 eng d | ||
| 020 | _a2-07-070335-5 | ||
| 040 | _aBUAC | ||
| 041 | _aFr. | ||
| 100 |
_aKoyré, Alexandre _97530 |
||
| 245 |
_aEtudes d'histoire de la pensée scientifique _c/ Alexandre Koyoré |
||
| 260 |
_aParis : _bGallimard, _c1990 |
||
| 300 |
_a364p _c19 cm. |
||
| 440 |
_n57) _a(Tel gallimard _97531 |
||
| 500 | _aporte au verso de la page du titre la mension "Cet ouvrage a précédemment paru dans Bibliothèque des idées en 1971" | ||
| 630 |
_aPHILOSOPHIE _97532 |
||
| 650 |
_aSystème philosophique _97533 |
||
| 942 | _cLIVR | ||
| 999 |
_c43787 _d43787 |
||